[Event "Titled Tuesday intern op 02nd Apr Late"]
[Site "Chess.com INT"]
[Date "2024.04.02"]
[Round "10"]
[White "Alcazar Jimenez, Jesus Alberto"]
[Black "Banerjee, Supratit"]
[Result "0-1"]
[WhiteElo "2147"]
[BlackElo "2060"]
[PlyCount "70"]
[EventDate "2024.04.02"]
[EventType "swiss (blitz)"]
[EventRounds "11"]
[EventCountry "USA"]
[SourceTitle "CB15_2024"]
[SourceDate "2024.04.10"]
[SourceVersion "1"]
[SourceVersionDate "2024.04.10"]
[SourceQuality "1"]

1. c4 e6 2. e4 d5 3. exd5 exd5 4. d4 c6 5. Nc3 Nf6 6. Nf3 Bd6 7. Bd3 0-0 8. 0-0 Bg4 9. Re1 Nbd7 10. h3 Bh5 11. c5 Bc7 12. Be3 b6 13. b4 Re8 14. b5 bxc5 15. bxc6 Nb8 16. g4 Bg6 17. Bxg6 hxg6 18. dxc5 Nxc6 19. Bg5 Rxe1+ 20. Qxe1 Ba5 21. Bd2 Qe8 22. Nb5 Bxd2 23. Qxd2 Qe4 24. Nbd4 Ne5 25. Nxe5 Qxe5 26. Re1 Ne4 27. Qe3 Rc8 28. c6 Qd6 29. Kg2 a5 30. f4 Rb8 31. Re2 Rc8 32. Rc2 a4 33. Nb5 Qb4 34. Qb6 Qb1 35. Re2 Qd3 0-1

[Event "Titled Tuesday intern op 13th Feb Late"]
[Site "Chess.com INT"]
[Date "2024.02.13"]
[Round "3"]
[White "Alcazar Jimenez, Jesus Alberto"]
[Black "Yarullina, Alina"]
[Result "1-0"]
[WhiteElo "2147"]
[BlackElo "2084"]
[PlyCount "47"]
[EventDate "2024.02.13"]
[EventType "swiss (blitz)"]
[EventRounds "11"]
[EventCountry "USA"]
[SourceTitle "CB08_2024"]
[SourceDate "2024.02.21"]
[SourceVersion "1"]
[SourceVersionDate "2024.02.21"]
[SourceQuality "1"]

1. c4 Nf6 2. Nc3 g6 3. e3 Bg7 4. Nf3 0-0 5. d4 d6 6. Be2 Nc6 7. 0-0 e5 8. Qc2 Bf5 9. e4 Bd7 10. dxe5 dxe5 11. Rd1 Qe7 12. Bg5 Nb4 13. Qb3 Rfd8 14. a3 Nc6 15. Nd5 Nxd5 16. Bxe7 Ndxe7 17. Qxb7 Rab8 18. Qxc7 Rbc8 19. Qxd7 Rxd7 20. Rxd7 h6 21. b4 Bf8 22. b5 Na5 23. Rxa7 Nxc4 24. Rc1 1-0

[Event "Titled Tuesday intern op 06th Feb Late"]
[Site "Chess.com INT"]
[Date "2024.02.06"]
[Round "1"]
[White "Principe, Gerson"]
[Black "Alcazar Jimenez, Jesus Alberto"]
[Result "1/2-1/2"]
[WhiteElo "2158"]
[BlackElo "2147"]
[PlyCount "143"]
[EventDate "2024.02.06"]
[EventType "swiss (blitz)"]
[EventRounds "11"]
[EventCountry "USA"]
[SourceTitle "CB07_2024"]
[SourceDate "2024.02.14"]
[SourceVersion "1"]
[SourceVersionDate "2024.02.14"]
[SourceQuality "1"]

1. d4 Nf6 2. Nf3 e6 3. c4 d5 4. Nc3 c5 5. cxd5 exd5 6. g3 h6 7. Bg2 Nc6 8. 0-0 Be6 9. dxc5 Bxc5 10. Na4 Be7 11. Be3 Qa5 12. Nd4 0-0 13. Rc1 Rac8 14. Nxc6 bxc6 15. Bc5 Rfe8 16. Bxe7 Rxe7 17. Rc5 Qb4 18. b3 Ne4 19. Bxe4 Qxe4 20. Qd3 Qxd3 21. exd3 Bh3 22. Rb1 Rce8 23. Rcc1 Re2 24. Nc5 Rxa2 25. Ra1 Ree2 26. Rxa2 Rxa2 27. b4 Rb2 28. Na6 Rb3 29. d4 Rd3 30. Nb8 Rxd4 31. Nxc6 Rc4 32. Ne7+ Kf8 33. Re1 Be6 34. Nxd5 Bxd5 35. h4 Rxb4 36. Ra1 Rb7 37. f4 f5 38. Kf2 Be4 39. Ke3 Ke7 40. Kd4 Kd6 41. Ra6+ Bc6 42. h5 Rb4+ 43. Ke3 Rb3+ 44. Kd4 Rxg3 45. Rxa7 Rg4 46. Ke3 Rg3+ 47. Kd4 Bd7 48. Ra6+ Ke7 49. Ke5 Re3+ 50. Kd4 Re6 51. Ra5 Kf6 52. Kd3 Be8 53. Rc5 Bxh5 54. Rc7 Bg4 55. Kd4 h5 56. Kd3 h4 57. Rc1 h3 58. Rh1 Rd6+ 59. Ke3 Re6+ 60. Kf2 Re4 61. Kg3 Re3+ 62. Kh4 Rf3 63. Ra1 Rxf4 64. Ra6+ Ke5 65. Kg5 Ke4 66. Ra4+ Ke3 67. Rxf4 h2 68. Rf1 Bf3 69. Kxf5 h1Q 70. Rxh1 Bxh1 71. Kg6 Be4+ 72. Kxg7 1/2-1/2

[Event "Titled Tuesday intern op 16th Jan Early"]
[Site "Chess.com INT"]
[Date "2024.01.16"]
[Round "11"]
[White "Alcazar Jimenez, Jesus Alberto"]
[Black "Alonso Rosell, Alvar"]
[Result "0-1"]
[WhiteElo "2147"]
[BlackElo "2562"]
[PlyCount "98"]
[EventDate "2024.01.16"]
[EventType "swiss (blitz)"]
[EventRounds "11"]
[EventCountry "USA"]
[SourceTitle "CB04_2024"]
[SourceDate "2023.10.16"]
[SourceVersion "1"]
[SourceVersionDate "2023.10.16"]
[SourceQuality "1"]

1. c4 Nf6 2. Nc3 g6 3. e3 Bg7 4. d4 0-0 5. Nf3 d5 6. Be2 c5 7. 0-0 cxd4 8. exd4 dxc4 9. Bxc4 b6 10. h3 Bb7 11. Be3 Nc6 12. Ne5 Na5 13. Be2 Nd5 14. Bf3 Rc8 15. Rc1 Nxc3 16. bxc3 Bxf3 17. Qxf3 Nc4 18. Nxc4 Rxc4 19. Qb7 Ra4 20. Qc6 Qe8 21. Qd5 b5 22. Rb1 a6 23. Rb4 e6 24. Qb3 Rxb4 25. Qxb4 Qc6 26. Ra1 Rc8 27. Bd2 Bf8 28. Qb3 Qc4 29. Qxc4 Rxc4 30. Rb1 Bd6 31. Kf1 e5 32. dxe5 Bxe5 33. Rb3 Ra4 34. Rb2 Kf8 35. Ke2 Ke7 36. Kd3 Ke6 37. Be3 Kd5 38. Kc2 Ra3 39. Bd2 Kc5 40. Be3+ Kc4 41. Rb4+ Kd5 42. Bd2 Rxa2+ 43. Kd3 Ra3 44. f4 Bg7 45. g4 f5 46. gxf5 gxf5 47. Rb1 Bf6 48. Rb2 Ra1 49. Rb4 Rh1 0-1

[Event "Titled Tuesday intern op 16th Jan Early"]
[Site "Chess.com INT"]
[Date "2024.01.16"]
[Round "1"]
[White "Alcazar Jimenez, Jesus Alberto"]
[Black "Pinero Rodriguez, Carlos Jose"]
[Result "0-1"]
[WhiteElo "2147"]
[BlackElo "2242"]
[PlyCount "110"]
[EventDate "2024.01.16"]
[EventType "swiss (blitz)"]
[EventRounds "11"]
[EventCountry "USA"]
[SourceTitle "CB04_2024"]
[SourceDate "2023.10.16"]
[SourceVersion "1"]
[SourceVersionDate "2023.10.16"]
[SourceQuality "1"]

1. c4 c5 2. Nc3 e6 3. e3 Nf6 4. d4 b6 5. Nf3 d6 6. Be2 Nbd7 7. 0-0 Bb7 8. b3 a6 9. Bb2 Qc7 10. Qd2 Be7 11. Rfd1 Rg8 12. Rac1 g5 13. d5 g4 14. Ne1 h5 15. Nd3 0-0-0 16. dxe6 fxe6 17. Nf4 Nf8 18. Bf1 h4 19. e4 g3 20. fxg3 hxg3 21. h3 e5 22. Nfd5 Nxd5 23. Nxd5 Bg5 24. Qd3 Bxd5 25. Qxd5 Qb7 26. Qxg8 Qe7 27. Rc2 Ne6 28. Qg6 Rf8 29. Bc1 Bxc1 30. Rcxc1 Rf6 31. Qg4 Kc7 32. Qg8 Kb7 33. Rd5 Nd4 34. Rxd4 cxd4 35. Qd5+ Ka7 36. c5 dxc5 37. Qc4 a5 38. Qa6+ Kb8 39. Qb5 Rf8 40. Bc4 Qf6 41. Bd5 Ka7 42. Bc4 Kb8 43. Rf1 Qe7 44. Qxb6+ Kc8 45. Qc6+ Kb8 46. Rf5 Rxf5 47. exf5 e4 48. Bd5 d3 49. Qa8+ Kc7 50. Qb7+ Kd6 51. Qc6+ Ke5 52. Bxe4 Qd8 53. Qe6+ Kf4 54. Bf3 Qd4+ 55. Kf1 Qf2# 0-1

[Event "Titled Tuesday intern op 16th Jan Early"]
[Site "Chess.com INT"]
[Date "2024.01.16"]
[Round "2"]
[White "Alcazar Jimenez, Jesus Alberto"]
[Black "Zeneli, Klendi"]
[Result "1-0"]
[WhiteElo "2147"]
[BlackElo "2177"]
[PlyCount "83"]
[EventDate "2024.01.16"]
[EventType "swiss (blitz)"]
[EventRounds "11"]
[EventCountry "USA"]
[SourceTitle "CB04_2024"]
[SourceDate "2023.10.16"]
[SourceVersion "1"]
[SourceVersionDate "2023.10.16"]
[SourceQuality "1"]

1. c4 e6 2. e4 d5 3. exd5 exd5 4. d4 Nf6 5. Nf3 Be7 6. Nc3 0-0 7. Be2 h6 8. 0-0 Bf5 9. h3 dxc4 10. Bxc4 Nbd7 11. Ne5 Nb6 12. Bb3 c6 13. Qf3 Bh7 14. Be3 Nfd5 15. a4 a5 16. Qg3 Kh8 17. Qf3 Bf6 18. Rfe1 Qd6 19. Ne4 Bxe4 20. Qxe4 Rae8 21. Bc2 g6 22. Bxh6 Bg7 23. Nxf7+ Rxf7 24. Qxe8+ Rf8 25. Bxg7+ Kxg7 26. Qe5+ Qxe5 27. dxe5 Nb4 28. Bb3 c5 29. Re4 Rc8 30. Be6 Re8 31. Bg4 Nd3 32. b3 Re7 33. Rd1 Nb4 34. Rd6 Nc6 35. f4 Nd4 36. Rexd4 cxd4 37. Rxb6 Rc7 38. Rd6 Rc3 39. Rxd4 Rxb3 40. e6 Kf6 41. Rd7 b5 42. Rf7# 1-0

[Event "Madrid-chT 1920 Honor"]
[Site "Madrid"]
[Date "2019.11.24"]
[Round "1.4"]
[White "Alarcia Astiz, Carlos"]
[Black "Alcazar Jimenez, Jesus Alberto"]
[Result "1-0"]
[WhiteElo "2280"]
[BlackElo "2174"]
[PlyCount "59"]
[EventDate "2019.11.24"]
[EventType "team-tourn"]
[EventRounds "12"]
[EventCountry "ESP"]
[SourceTitle "EXT 2021"]
[Source "ChessBase"]
[SourceDate "2020.10.23"]
[SourceVersion "1"]
[SourceVersionDate "2020.10.23"]
[SourceQuality "1"]
[WhiteTeam "Blanco y Negro"]
[BlackTeam "Getafe"]
[WhiteTeamCountry "ESP"]
[BlackTeamCountry "ESP"]

1. e4 c5 2. Nf3 Nc6 3. d4 cxd4 4. Nxd4 Nf6 5. Nc3 e6 6. Ndb5 Bc5 7. Nd6+ Ke7 8. Nxc8+ Rxc8 9. Bd3 a6 10. 0-0 Qc7 11. Kh1 h6 12. f4 d6 13. Qf3 Rcf8 14. a3 Nd7 15. Bd2 Bd4 16. Rab1 Bf6 17. Rfe1 Kd8 18. b4 Nd4 19. Qf2 g5 20. b5 gxf4 21. bxa6 bxa6 22. Bxa6 Qc5 23. e5 Bxe5 24. Ne4 Qc6 25. Bb7 Qxc2 26. Rec1 Qd3 27. Bxf4 f5 28. Qh4+ Ke8 29. Nxd6+ Bxd6 30. Bxd6 1-0

[Event "San Sebastian op 42nd"]
[Site "San Sebastian"]
[Date "2019.04.14"]
[Round "3"]
[White "Harutjunyan, Gevorg"]
[Black "Alcazar Jimenez, Jesus Alberto"]
[Result "1-0"]
[WhiteElo "2440"]
[BlackElo "2189"]
[PlyCount "65"]
[EventDate "2019.04.13"]
[EventType "swiss"]
[EventRounds "9"]
[EventCountry "ESP"]
[SourceTitle "CBM 189 Extra"]
[Source "ChessBase"]
[SourceDate "2019.06.03"]
[SourceVersion "1"]
[SourceVersionDate "2019.06.03"]
[SourceQuality "1"]

1. Nf3 Nf6 2. g3 g6 3. b3 Bg7 4. Bb2 b6 5. Bg2 Bb7 6. 0-0 0-0 7. c4 c5 8. d4 cxd4 9. Qxd4 Qc7 10. Nc3 Qc5 11. Qd2 Qh5 12. Rfd1 Na6 13. h3 Qh6 14. Qe1 Qh5 15. Nb5 d6 16. b4 Qf5 17. Nfd4 Qd7 18. e4 Nc7 19. Nc3 a6 20. Qe3 e5 21. Nb3 Qc6 22. Rac1 Rac8 23. Bf1 Na8 24. a4 Qc7 25. Ba3 Rfd8 26. Rd2 Bf8 27. Rdc2 Qd7 28. a5 Qc7 29. Bd3 bxa5 30. Nxa5 Rb8 31. Nd5 Nxd5 32. cxd5 Qd7 33. Qa7 1-0

[Event "Portoroz op 12th"]
[Site "Portoroz"]
[Date "2018.07.15"]
[Round "3"]
[White "Adeimi, Michel"]
[Black "Alcazar Jimenez, Jesus Alberto"]
[Result "0-1"]
[WhiteElo "2032"]
[BlackElo "2189"]
[PlyCount "52"]
[EventDate "2018.07.14"]
[EventType "swiss"]
[EventRounds "9"]
[EventCountry "SVK"]
[SourceTitle "EXT 2020"]
[Source "ChessBase"]
[SourceDate "2019.10.17"]
[SourceVersion "1"]
[SourceVersionDate "2019.10.17"]
[SourceQuality "1"]

1. e4 b6 2. Nc3 Bb7 3. Nf3 e6 4. Bc4 d5 5. exd5 exd5 6. Qe2+ Be7 7. Bb3 Nf6 8. 0-0 0-0 9. Re1 Re8 10. d4 Nbd7 11. Bg5 h6 12. Bxf6 Nxf6 13. Ne5 c6 14. Qd2 Bd6 15. a4 Qc7 16. f4 a6 17. Re2 b5 18. Rae1 Ra7 19. g4 b4 20. Nd1 Ne4 21. Qe3 c5 22. c3 Kh7 23. Nf2 f6 24. Nxe4 dxe4 25. Bc2 fxe5 26. Bxe4+ Kh8 0-1

[Event "Portoroz op 12th"]
[Site "Portoroz"]
[Date "2018.07.15"]
[Round "2"]
[White "Alcazar Jimenez, Jesus Alberto"]
[Black "Starcic, Tadej"]
[Result "1-0"]
[WhiteElo "2189"]
[BlackElo "1966"]
[PlyCount "57"]
[EventDate "2018.07.14"]
[EventType "swiss"]
[EventRounds "9"]
[EventCountry "SVK"]
[SourceTitle "EXT 2019"]
[Source "ChessBase"]
[SourceDate "2018.10.10"]
[SourceVersion "1"]
[SourceVersionDate "2018.10.10"]
[SourceQuality "1"]

1. e4 e6 2. d4 d5 3. exd5 exd5 4. Nf3 Bd6 5. c4 Nf6 6. Nc3 c6 7. Bd3 0-0 8. 0-0 dxc4 9. Bxc4 Bg4 10. h3 Bh5 11. g4 Bg6 12. Ne5 Ne4 13. f4 Nxc3 14. bxc3 b5 15. Bb3 Be4 16. Qe2 Bxe5 17. Qxe4 Bd6 18. Bd2 Qc7 19. Rae1 Nd7 20. g5 a5 21. h4 Rae8 22. Qf5 Rxe1 23. Rxe1 a4 24. Bc2 g6 25. Qe4 Nb6 26. h5 Nd5 27. f5 Nf4 28. hxg6 hxg6 29. f6 1-0

[Event "Madrid-chT 1516"]
[Site "Madrid"]
[Date "2016.03.13"]
[Round "14.24"]
[White "Longa Yauca, Javier"]
[Black "Alcazar Jimenez, Jesus Alberto"]
[Result "1-0"]
[WhiteElo "2232"]
[BlackElo "2196"]
[PlyCount "121"]
[EventDate "2015.11.22"]
[EventType "team-tourn"]
[EventRounds "14"]
[EventCountry "ESP"]
[SourceTitle "EXT 2018"]
[Source "ChessBase"]
[SourceDate "2017.10.13"]
[SourceVersion "1"]
[SourceVersionDate "2017.10.13"]
[SourceQuality "1"]
[WhiteTeam "Villalba 64"]
[BlackTeam "Blanco y Negro"]
[WhiteTeamCountry "ESP"]
[BlackTeamCountry "ESP"]

1. e4 c5 2. Nc3 e6 3. Nge2 Nc6 4. g3 Nf6 5. Bg2 a6 6. Nf4 Be7 7. 0-0 Qc7 8. Re1 Rb8 9. b3 d6 10. Bb2 0-0 11. h3 b5 12. a3 Nd4 13. Nb1 e5 14. Ne2 Bb7 15. d3 d5 16. Nbc3 dxe4 17. Nxe4 Rfd8 18. Qb1 c4 19. Bxd4 Nxe4 20. Bxe4 Bxe4 21. dxe4 exd4 22. Nf4 Bc5 23. Kg2 Qc6 24. Qd1 Re8 25. f3 Qd6 26. bxc4 bxc4 27. Qe2 Bxa3 28. Qxc4 Rec8 29. Qa4 Bb2 30. Ra2 Rb4 31. Qxa6 Qxa6 32. Rxa6 Rxc2+ 33. Kf1 g6 34. Ra2 Rb3 35. Re2 Rxf3+ 36. Kg2 Rxe2+ 37. Nxe2 Rb3 38. Ra8+ Kg7 39. Rd8 Rd3 40. h4 h6 41. Rd5 Kf6 42. Nf4 Rd2+ 43. Kf3 g5 44. hxg5+ hxg5 45. Rf5+ Ke7 46. Rxg5 Rc2 47. Rd5 Rc3+ 48. Kg4 Re3 49. Rb5 Rxe4 50. Rxb2 Kd6 51. Rb5 Kc6 52. Rb8 Kc5 53. Kf5 Re3 54. g4 Kc4 55. Rc8+ Kb3 56. Rd8 Kc4 57. g5 Re7 58. Rc8+ Kb3 59. Kf6 Rd7 60. Nd3 Rd5 61. Rc7 1-0

[Event "Madrid-chT 1516"]
[Site "Madrid"]
[Date "2015.11.22"]
[Round "1.44"]
[White "Guadamuro Torrente, Anabel"]
[Black "Alcazar Jimenez, Jesus Alberto"]
[Result "1-0"]
[WhiteElo "2147"]
[BlackElo "2196"]
[PlyCount "77"]
[EventDate "2015.11.22"]
[EventType "team-tourn"]
[EventRounds "14"]
[EventCountry "ESP"]
[SourceTitle "EXT 2017"]
[Source "ChessBase"]
[SourceDate "2016.10.25"]
[SourceVersion "1"]
[SourceVersionDate "2016.10.25"]
[SourceQuality "1"]
[WhiteTeam "La Casa del Ajedrez"]
[BlackTeam "Blanco y Negro"]
[WhiteTeamCountry "ESP"]
[BlackTeamCountry "ESP"]

1. e4 c5 2. d3 e6 3. g3 Nc6 4. Bg2 g6 5. f4 Bg7 6. Nf3 d6 7. c3 Nge7 8. 0-0 0-0 9. Be3 b6 10. d4 Bb7 11. Re1 Rc8 12. Nbd2 cxd4 13. Nxd4 e5 14. Nxc6 Bxc6 15. Nc4 Rc7 16. Qxd6 Bxe4 17. Qxd8 Rxd8 18. Nxe5 Bxg2 19. Kxg2 Nf5 20. Kf3 Nxe3 21. Kxe3 Re7 22. Kf3 Rd2 23. Nc4 Rxe1 24. Rxe1 Rxh2 25. Re8+ Bf8 26. Ra8 b5 27. Ne5 Rd2 28. Ke3 Rd5 29. b4 g5 30. Rxa7 gxf4+ 31. gxf4 h5 32. Ke4 Rd1 33. Kf5 h4 34. Kg4 Rc1 35. Kxh4 Rxc3 36. a3 Bd6 37. Nd7 Rc4 38. Nf6+ Kg7 39. Ne8+ 1-0

[Event "Madrid-chT 1314"]
[Site "Madrid"]
[Date "2013.11.17"]
[Round "1.46"]
[White "Lopez del Alamo, Antonio"]
[Black "Alcazar Jimenez, Jesus Alberto"]
[Result "1/2-1/2"]
[WhiteElo "2281"]
[BlackElo "2211"]
[PlyCount "68"]
[EventDate "2013.11.16"]
[EventType "team-tourn"]
[EventRounds "14"]
[EventCountry "ESP"]
[SourceTitle "EXT 2015"]
[Source "ChessBase"]
[SourceDate "2014.11.20"]
[SourceVersion "1"]
[SourceVersionDate "2014.11.20"]
[SourceQuality "1"]
[WhiteTeam "Villalba 64"]
[BlackTeam "Blanco y Negro"]
[WhiteTeamCountry "ESP"]
[BlackTeamCountry "ESP"]

1. d4 c5 2. e4 e6 3. Nf3 cxd4 4. Nxd4 Nf6 5. Nc3 Nc6 6. Ndb5 Bc5 7. Bf4 0-0 8. Bc7 Qe7 9. Bd6 Bxd6 10. Qxd6 Ne8 11. Qxe7 Nxe7 12. 0-0-0 a6 13. Nd6 Nxd6 14. Rxd6 f5 15. Be2 b5 16. Bf3 Ra7 17. a3 Rc7 18. Rhd1 fxe4 19. Nxe4 Nd5 20. Ng5 Bb7 21. Bxd5 Bxd5 22. f3 Ra8 23. Nh3 Kf8 24. Nf4 Bb3 25. Rxd7 Rxc2+ 26. Kb1 Rac8 27. R7d3 e5 28. Rxb3 exf4 29. Rd6 R8c6 30. Rxc6 Rxc6 31. a4 bxa4 32. Rb4 g5 33. Rxa4 Ke7 34. Rd4 Ke6 1/2-1/2